Generation of Subgigawatt RF Pulses in Nonlinear Transmission Lines; IEEE Transactions on Plasma Science; Vol. 38, iss. 10

Bibliographic Details
Parent link:IEEE Transactions on Plasma Science
Vol. 38, iss. 10.— 2010.— [P. 2681-2685]
Other Authors: Rostov V. V. Vladislav Vladimirovich, Bykov N. M. Nikolai, Bykov D. N. Dmitry, Klimov A. I. Aleksey Ivanovich, Koval'chuk O. B. Oleg Borisovich, Romanchenko I. V. Ilya
Summary:Title screen
This paper presents the experimental results on the generation of subgigawatt radio frequency (RF) pulses using two types of nonlinear transmission lines (NLTLs). In the high-voltage coaxial lines, we used the following: 1) a periodic gas gap structure and 2) uniformly loaded saturated ferrite with axial bias. The concept of the first line is based on the in-phase composition of RF fields produced by currents in the periodic gas gap structure of the inner conductor. The most stable and efficient narrow-band operation of the system with 12 cylindrical gas gaps (200 kV, 18 ns) was realized at an RF of 1 GHz and an RF power of several hundreds of megawatts. The maximum power conversion reached 10%. The second NLTL lacks spatial dispersion. The self-consistent dynamics of the traveling wave is observed by coherent magnetic switching in ferrites with axial bias. The pulsed voltage driver produced 9-ns pulses of voltage between 110 and 290 kV. With the optimum external magnetic field, the efficiency of energy conversion was 10%. The peak power of oscillations produced on a resistive load was 700 MW. An increase in central frequency from 600 MHz to 1.1 GHz with incident pulse amplitude was found.
Режим доступа: по договору с организацией-держателем ресурса
Language:English
Published: 2010
Subjects:
Online Access:https://doi.org/10.1109/TPS.2010.2048722
Format: Electronic Book Chapter
KOHA link:https://koha.lib.tpu.ru/cgi-bin/koha/opac-detail.pl?biblionumber=653789

MARC

LEADER 00000naa0a2200000 4500
001 653789
005 20250228121735.0
035 |a (RuTPU)RU\TPU\network\19304 
090 |a 653789 
100 |a 20170330d2010 k||y0rusy50 ba 
101 0 |a eng 
102 |a US 
135 |a arnn ---uucaa 
181 0 |a i  
182 0 |a b 
200 1 |a Generation of Subgigawatt RF Pulses in Nonlinear Transmission Lines  |f V. V. Rostov [et al.] 
203 |a Text  |c electronic 
300 |a Title screen 
320 |a [References: 7 tit.] 
330 |a This paper presents the experimental results on the generation of subgigawatt radio frequency (RF) pulses using two types of nonlinear transmission lines (NLTLs). In the high-voltage coaxial lines, we used the following: 1) a periodic gas gap structure and 2) uniformly loaded saturated ferrite with axial bias. The concept of the first line is based on the in-phase composition of RF fields produced by currents in the periodic gas gap structure of the inner conductor. The most stable and efficient narrow-band operation of the system with 12 cylindrical gas gaps (200 kV, 18 ns) was realized at an RF of 1 GHz and an RF power of several hundreds of megawatts. The maximum power conversion reached 10%. The second NLTL lacks spatial dispersion. The self-consistent dynamics of the traveling wave is observed by coherent magnetic switching in ferrites with axial bias. The pulsed voltage driver produced 9-ns pulses of voltage between 110 and 290 kV. With the optimum external magnetic field, the efficiency of energy conversion was 10%. The peak power of oscillations produced on a resistive load was 700 MW. An increase in central frequency from 600 MHz to 1.1 GHz with incident pulse amplitude was found. 
333 |a Режим доступа: по договору с организацией-держателем ресурса 
461 |t IEEE Transactions on Plasma Science 
463 |t Vol. 38, iss. 10  |v [P. 2681-2685]  |d 2010 
610 1 |a труды учёных ТПУ 
610 1 |a электронный ресурс 
610 1 |a генераторы 
610 1 |a обратные волны 
610 1 |a СВЧ-мощность 
701 1 |a Rostov  |b V. V.  |g Vladislav Vladimirovich 
701 1 |a Bykov  |b N. M.  |g Nikolai 
701 1 |a Bykov  |b D. N.  |g Dmitry 
701 1 |a Klimov  |b A. I.  |c specialist in the field of electronics  |c Associate Professor of Tomsk Polytechnic University, Candidate of physical and mathematical sciences  |f 1955-  |g Aleksey Ivanovich  |3 (RuTPU)RU\TPU\pers\32265 
701 1 |a Koval'chuk  |b O. B.  |g Oleg Borisovich 
701 1 |a Romanchenko  |b I. V.  |g Ilya 
801 1 |a RU  |b 63413507  |c 20110823 
801 2 |a RU  |b 63413507  |c 20170330  |g RCR 
856 4 0 |u https://doi.org/10.1109/TPS.2010.2048722 
942 |c CF